| 000 | 00644nam a2200217Ia 4500 | ||
|---|---|---|---|
| 003 | GCL | ||
| 008 | 140319s9999 xx 000 0 ara d | ||
| 040 |
_aGCL / _cGCL |
||
| 082 | 0 | 4 |
_a339.46 _bا خ |
| 100 | 1 | _aعلاء غنام (ترجمة) | |
| 245 | 1 | 0 |
_aخرافه التنمية او السوق العالمى لتجارة الجوع / _cعلاء غنام (ترجمة) |
| 300 | _a150 ص | ||
| 490 | _a | ||
| 650 | 0 | 4 | _aالتنمية الاجتماعية |
| 650 | 0 | 4 | _aالبطالة |
| 650 | 0 | 4 | _aالسكان |
| 650 | 0 | 4 | _aالجوع |
| 650 | 0 | 4 | _aالفقر |
| 650 | 0 | 4 | _aمصر - مؤتمرات وندوات |
| 942 |
_2ddc _cBK |
||
| 999 |
_c40450 _d40450 |
||